[Event "First Saturday 2012 marcius IM"]
[Site "Budapest"]
[Date "2012.03.09"]
[Round "7"]
[White "Wiander, Michael"]
[Black "Gledura, Benjamin"]
[Result "1-0"]
[WhiteElo "2140"]
[BlackElo "2283"]
[PlyCount "89"]
[EventDate "2012.03.03"]

1. e4 c6 2. d4 d5 3. exd5 cxd5 4. Bd3 Nc6 5. c3 Nf6 6. Bf4 Bg4 7. Qb3 Qc8 8.
Nd2 e6 9. Ngf3 Be7 10. O-O O-O 11. Ne5 Nxe5 12. dxe5 Nd7 13. Qc2 Kh8 14. Bxh7
g6 15. Bxg6 fxg6 16. Qxg6 Bf5 17. Qh6+ Bh7 18. Qxe6 Qe8 19. Be3 Nc5 20. Qh6 Qf7
21. f4 Qf5 22. Nf3 Ne6 23. Nd4 Nxd4 24. Bxd4 Rae8 25. Rf3 Qg6 26. Qxg6 Bxg6 27.
g4 Be4 28. Rh3+ Kg8 29. Rf1 Rf7 30. e6 Rh7 31. Rxh7 Kxh7 32. f5 Bd6 33. h4 Bd3
34. Rf2 Be4 35. g5 Bg3 36. g6+ Kh6 37. Be3+ Kh5 38. Rf1 Bxh4 39. Bd4 Kg4 40. f6
Bxg6 41. f7 Rf8 42. Bc5 Bd8 43. Bxf8 Bb6+ 44. Rf2 Kg3 45. Bd6+ 1-0

[Event "First Saturday 2012 marcius IM"]
[Site "Budapest"]
[Date "2012.03.09"]
[Round "7"]
[White "Volodin, Viktor"]
[Black "Holm, Seyer"]
[Result "0-1"]
[WhiteElo "2208"]
[BlackElo "2256"]
[PlyCount "132"]
[EventDate "2012.03.03"]

1. Nf3 d5 2. d4 e6 3. c4 Nf6 4. g3 dxc4 5. Bg2 c5 6. O-O Nc6 7. dxc5 Qxd1 8.
Rxd1 Bxc5 9. Nbd2 c3 10. bxc3 Bd7 11. Ng5 h6 12. Nge4 Be7 13. Nc4 Nxe4 14. Bxe4
Rc8 15. Nd6+ Bxd6 16. Rxd6 Na5 17. Bd3 Ke7 18. Rd4 Rhd8 19. Bf4 Bc6 20. Rxd8
Kxd8 21. Be3 b6 22. Bd4 f6 23. f4 Bd5 24. Rd1 Ke7 25. Bb1 Nc4 26. e4 Bb7 27. e5
f5 28. Kf2 Bd5 29. Bc2 Na5 30. Ra1 g5 31. Bb3 Be4 32. Rg1 g4 33. Ke2 h5 34. Rc1
Nc6 35. Be3 Rd8 36. Ba4 Bd3+ 37. Kf2 Na5 38. Bd4 Bc4 39. Rc2 Rh8 40. Ke1 h4 41.
Bf2 hxg3 42. Bxg3 b5 43. Bb3 Rc8 44. Bh4+ Ke8 45. Rd2 Nxb3 46. axb3 Bxb3 47.
Rd6 a5 48. Kd2 a4 49. Ra6 b4 50. cxb4 Rc2+ 51. Ke3 Rxh2 52. Bf2 Rh3+ 53. Kd4 g3
54. Bg1 Rh1 55. Ra8+ Kf7 56. Ra7+ Kg6 57. Be3 g2 58. Ra8 Bd5 59. Rxa4 g1=Q 60.
Bxg1 Rxg1 61. b5 Re1 62. Kc5 Re4 63. Ra7 Rxf4 64. b6 Rc4+ 65. Kb5 Rc1 66. Re7
f4 0-1

[Event "First Saturday 2012 marcius IM"]
[Site "Budapest"]
[Date "2012.03.09"]
[Round "7"]
[White "Farago, Sandor"]
[Black "Lengyel, Bela"]
[Result "1/2-1/2"]
[WhiteElo "2296"]
[BlackElo "2257"]
[PlyCount "23"]
[EventDate "2012.03.03"]

1. Nf3 Nf6 2. g3 g6 3. b3 Bg7 4. Bb2 d6 5. d4 O-O 6. Bg2 Nbd7 7. O-O c5 8. c4
Rb8 9. Nbd2 a6 10. a4 b6 11. Qc2 Bb7 12. d5 1/2-1/2

[Event "First Saturday 2012 marcius IM"]
[Site "Budapest"]
[Date "2012.03.09"]
[Round "7"]
[White "Kantor, Gergely"]
[Black "Szalanczy, Emil"]
[Result "1/2-1/2"]
[WhiteElo "2202"]
[BlackElo "2249"]
[PlyCount "62"]
[EventDate "2012.03.03"]

1. d4 c5 2. d5 e6 3. Nc3 d6 4. e4 Nf6 5. Bb5+ Bd7 6. Bc4 Be7 7. Nf3 exd5 8.
Nxd5 Be6 9. O-O O-O 10. Qd3 Nc6 11. Rd1 Bxd5 12. Bxd5 Nb4 13. Qb3 Qd7 14. Bxf7+
Rxf7 15. Ng5 d5 16. Nxf7 c4 17. Qf3 Kxf7 18. e5 Qg4 19. exf6 Qxf3 20. gxf3 Bxf6
21. c3 Nd3 22. Rb1 b5 23. Be3 a5 24. Rxd3 cxd3 25. Rd1 b4 26. Rxd3 bxc3 27.
bxc3 Ke6 28. Bd4 Rb8 29. Bxf6 gxf6 30. f4 Rb2 31. a4 Rc2 {after 58 move}
1/2-1/2

[Event "First Saturday 2012 marcius IM"]
[Site "Budapest"]
[Date "2012.03.10"]
[Round "8"]
[White "Lengyel, Bela"]
[Black "Kantor, Gergely"]
[Result "1/2-1/2"]
[WhiteElo "2257"]
[BlackElo "2202"]
[PlyCount "158"]
[EventDate "2012.03.03"]

1. e4 e6 2. d4 d5 3. Nc3 Nf6 4. Bg5 Bb4 5. e5 h6 6. Bd2 Bxc3 7. bxc3 Ne4 8. Qg4
Kf8 9. Nf3 c5 10. Bd3 Nxd2 11. Kxd2 c4 12. Be2 Nc6 13. h4 b5 14. a3 a5 15. Rhb1
Rb8 16. Qf4 Bd7 17. h5 Qe7 18. Qe3 Ke8 19. g3 Kd8 20. Nh4 Kc7 21. f4 Rb7 22.
Nf3 Rhb8 23. g4 b4 24. axb4 axb4 25. cxb4 Rxb4 26. Rxb4 Qxb4+ 27. Qc3 Qxc3+ 28.
Kxc3 f6 29. Kd2 fxe5 30. dxe5 Kd8 31. Kc3 Ke7 32. Nd4 Rf8 33. Nxc6+ Bxc6 34.
Ra7+ Bd7 35. f5 Rd8 36. Kd4 Kf8 37. fxe6 Bxe6 38. Bf3 Bf7 39. c3 Be6 40. Kc5
Bf7 41. Ra6 Ke7 42. Rd6 Rc8+ 43. Kd4 Be6 44. Bxd5 Bxg4 45. Rg6 Bxh5 46. Rxg7+
Kd8 47. Rh7 Be2 48. Rxh6 Bd3 49. Rh8+ Kc7 50. Rxc8+ Kxc8 51. Bxc4 Bg6 52. e6
Kd8 53. Ke5 Ke7 54. Bd5 Bc2 55. c4 Ba4 56. c5 Bb5 57. Bb3 Bc6 58. Bd5 Bb5 59.
Bb7 Bc4 60. Bd5 Bb5 61. Bb7 Bc4 62. Bc8 Bb5 63. Kd5 Kd8 64. Bb7 Kc7 65. c6 Be2
66. e7 Bh5 67. Ke5 Be8 68. Ke6 Bh5 69. Kf6 Kd6 70. Bc8 Kxc6 71. Be6 Be8 72. Bf7
Kd7 73. Bc4 Kd6 74. Bb3 Bc6 75. Kf7 Ke5 76. Bc2 Bb5 77. Bd3 Bc6 78. Bg6 Ba4 79.
Kf8 Kf6 1/2-1/2

[Event "First Saturday 2012 marcius IM"]
[Site "Budapest"]
[Date "2012.03.10"]
[Round "8"]
[White "Holm, Seyer"]
[Black "Farago, Sandor"]
[Result "1-0"]
[WhiteElo "2256"]
[BlackElo "2296"]
[PlyCount "167"]
[EventDate "2012.03.03"]

1. d4 d5 2. c4 c6 3. e3 Nf6 4. Nc3 g6 5. Nf3 Bg7 6. Bd3 O-O 7. O-O Nbd7 8. cxd5
Nxd5 9. e4 Nxc3 10. bxc3 e5 11. Bg5 Qa5 12. Bd2 Qc7 13. Rc1 c5 14. Re1 c4 15.
Bb1 b5 16. Be3 Bb7 17. Qd2 Rfe8 18. Bh6 Bh8 19. h4 Rad8 20. Qg5 Bf6 21. Qg3 Qd6
22. Rcd1 Qe7 23. h5 a5 24. hxg6 hxg6 25. d5 Nc5 26. Nh2 b4 27. Ng4 Bh8 28. Ne3
Qc7 29. cxb4 axb4 30. Nxc4 Na4 31. Qb3 Nc3 32. Rc1 Nxb1 33. Qxb1 Rb8 34. Be3
Qe7 35. Na5 Rec8 36. Rxc8+ Rxc8 37. d6 Qd7 38. Qxb4 Ba8 39. Rc1 Bf6 40. Rxc8+
Qxc8 41. f3 Kg7 42. Nc4 Qa6 43. a3 Bc6 44. Qc5 Qa4 45. Nxe5 Qd1+ 46. Kh2 Bxe4
47. Qd4 Bc2 48. Qxd1 Bxd1 49. f4 Bxe5 50. fxe5 Ba4 51. Kg3 Bc6 52. Bc5 g5 53.
Kf2 Kg6 54. Ke3 Kf5 55. Kd4 Ke6 56. g3 g4 57. Bb4 Ba4 58. Bc3 Kd7 59. Kc5 Bd1
60. Bd4 Be2 61. Kb4 Ke6 62. a4 Bd1 63. a5 Be2 64. Bb6 Ba6 65. Kc3 Kd7 66. Kd4
Ke6 67. Bd8 Kd7 68. Bf6 Kc6 69. Ke4 Bc8 70. Kf4 Kb5 71. Bd8 Kc6 72. Bc7 Kd5 73.
Kg5 Ke6 74. Bb8 Ba6 75. Kxg4 Bb5 76. Kg5 Bd3 77. Kh6 Kd7 78. Kg7 Bc4 79. Kf8
Kd8 80. a6 Kd7 81. a7 Bd5 82. g4 Kd8 83. a8=Q Bxa8 84. Kxf7 1-0

[Event "First Saturday 2012 marcius IM"]
[Site "Budapest"]
[Date "2012.03.10"]
[Round "8"]
[White "Gledura, Benjamin"]
[Black "Volodin, Viktor"]
[Result "1-0"]
[WhiteElo "2283"]
[BlackElo "2208"]
[PlyCount "119"]
[EventDate "2012.03.03"]

1. e4 c6 2. d4 d5 3. Nc3 dxe4 4. Nxe4 Nf6 5. Nxf6+ exf6 6. c3 Bd6 7. Bd3 Be6 8.
Ne2 Qc7 9. Be3 Nd7 10. Qc2 Nb6 11. c4 Bb4+ 12. Kf1 Be7 13. Nf4 Bd7 14. h4 h6
15. g3 O-O 16. c5 Nd5 17. Nxd5 cxd5 18. b4 a6 19. Kg2 Bb5 20. a4 Bxd3 21. Qxd3
Qd7 22. b5 Bd8 23. Bf4 Re8 24. Rhe1 Ba5 25. Rxe8+ Qxe8 26. Rc1 axb5 27. axb5
Bb4 28. c6 bxc6 29. bxc6 g5 30. hxg5 hxg5 31. Be3 Rc8 32. Qb3 Qe4+ 33. f3 Qe6
34. Bf2 g4 35. fxg4 Qe4+ 36. Qf3 Qxf3+ 37. Kxf3 Bd6 38. Be3 Kf8 39. Bf4 Ba3 40.
Rc2 Ke8 41. g5 fxg5 42. Bxg5 Bd6 43. Bf4 Bf8 44. Be5 Kd8 45. Kg4 Be7 46. Kf5
Ra8 47. Rh2 Bf8 48. Rh8 Ke7 49. c7 Kd7 50. Rh7 Ke8 51. g4 Rc8 52. g5 Ra8 53.
Rh8 Kd7 54. Bg7 Bxg7 55. Rxa8 Kxc7 56. Ra7+ Kd8 57. Rxf7 Bxd4 58. Ke6 Ke8 59.
g6 Bb2 60. g7 1-0

[Event "First Saturday 2012 marcius IM"]
[Site "Budapest"]
[Date "2012.03.10"]
[Round "8"]
[White "Lyell, Mark"]
[Black "Wiander, Michael"]
[Result "1-0"]
[WhiteElo "2316"]
[BlackElo "2140"]
[PlyCount "81"]
[EventDate "2012.03.03"]

1. e4 Nc6 2. Nf3 Nf6 3. e5 Ng4 4. d4 d6 5. h3 Nh6 6. Nc3 a6 7. g4 d5 8. Bg2 e6
9. Ne2 Ng8 10. O-O Bd7 11. c3 h5 12. g5 Nce7 13. Nh4 Bb5 14. a4 Bxe2 15. Qxe2
Ng6 16. Nxg6 fxg6 17. c4 c6 18. Be3 Ne7 19. Rfc1 Nf5 20. cxd5 exd5 21. Qd3 Be7
22. f4 O-O 23. Rc2 Bb4 24. Bf2 Qa5 25. Re2 Rae8 26. b3 Rf7 27. h4 Qb6 28. Bh3
Re6 29. Rc1 Rf8 30. Rf1 Ba5 31. Bxf5 Rxf5 32. Be1 Bb4 33. Re3 c5 34. Bxb4 cxd4
35. Ba5 Qxa5 36. Qxd4 Qb6 37. Rd1 Rf7 38. Kf2 Qxd4 39. Rxd4 Rc6 40. Kf3 Rfc7
41. Rxd5 {after 19 move} 1-0

[Event "First Saturday 2012 marcius IM"]
[Site "Budapest"]
[Date "2012.03.10"]
[Round "8"]
[White "Galyas, Miklos"]
[Black "Szeberenyi, Adam"]
[Result "1/2-1/2"]
[WhiteElo "2445"]
[BlackElo "2305"]
[PlyCount "69"]
[EventDate "2012.03.03"]

1. e4 e5 2. Nf3 Nc6 3. Bb5 a6 4. Ba4 Nf6 5. O-O Be7 6. Re1 b5 7. Bb3 O-O 8. c3
d5 9. exd5 Nxd5 10. Nxe5 Nxe5 11. Rxe5 c6 12. d3 Bd6 13. Re1 Qh4 14. g3 Qh3 15.
Re4 Qf5 16. Nd2 Qg6 17. Re1 f5 18. f4 Bxf4 19. Qf3 Bb8 20. Bxd5+ cxd5 21. Nb3
Qf7 22. Bf4 d4 23. Nc5 Bxf4 24. gxf4 Rb8 25. cxd4 Bb7 26. Nxb7 Rxb7 27. d5 Rd7
28. Re6 Rfd8 29. Rae1 Rxd5 30. Re8+ Rxe8 31. Rxe8+ Qxe8 32. Qxd5+ Qf7 33. Qa8+
Qf8 34. Qd5+ Qf7 35. Qa8+ 1/2-1/2

[Event "First Saturday 2012 marcius IM"]
[Site "Budapest"]
[Date "2012.03.11"]
[Round "9"]
[White "Volodin, Viktor"]
[Black "Lyell, Mark"]
[Result "0-1"]
[WhiteElo "2208"]
[BlackElo "2316"]
[PlyCount "70"]
[EventDate "2012.03.03"]

1. Nf3 d5 2. d4 Nf6 3. c4 dxc4 4. e3 e6 5. Bxc4 a6 6. a4 c5 7. O-O Nc6 8. Nc3
cxd4 9. exd4 Be7 10. Re1 O-O 11. Bg5 Bd7 12. Qe2 Re8 13. Rad1 Nd5 14. Bc1 Bf6
15. Bd3 Nce7 16. Qe4 g6 17. Bc2 Rc8 18. Bg5 Bxg5 19. Nxg5 Nf5 20. Nf3 Bc6 21.
Qe2 Nf4 22. Qd2 Nxg2 23. Re4 Ngh4 24. Nxh4 Nxh4 25. Qf4 Bxe4 26. Bxe4 Nf5 27.
Bxb7 Rb8 28. Bxa6 Rxb2 29. Ne4 e5 30. Qc1 exd4 31. Qxb2 Rxe4 32. Qb7 Qg5+ 33.
Kf1 Qf4 34. Rd3 Qc1+ 35. Kg2 Nh4+ 0-1

[Event "First Saturday 2012 marcius IM"]
[Site "Budapest"]
[Date "2012.03.11"]
[Round "9"]
[White "Farago, Sandor"]
[Black "Gledura, Benjamin"]
[Result "0-1"]
[WhiteElo "2296"]
[BlackElo "2283"]
[PlyCount "102"]
[EventDate "2012.03.03"]

1. e4 d5 2. e5 c5 3. c3 Nc6 4. d4 Bf5 5. a3 cxd4 6. cxd4 Qb6 7. Ne2 e6 8. Nbc3
f6 9. f4 Be7 10. g3 Nh6 11. Bg2 Bg4 12. Be3 Nf5 13. Bf2 Qxb2 14. O-O Qxc3 15.
Nxc3 Bxd1 16. Rfxd1 Rc8 17. Ne2 h5 18. h3 Kd7 19. g4 hxg4 20. hxg4 Nh6 21. Bf3
f5 22. g5 Ng4 23. Bxg4 fxg4 24. Kg2 Na5 25. Ra2 b5 26. Rb1 Rb8 27. Ng1 Nc4 28.
Rb3 a5 29. Kg3 a4 30. Rd3 Nxa3 31. Rdxa3 Bxa3 32. Rxa3 b4 33. Rxa4 b3 34. Ra1
b2 35. Rb1 Rh3+ 36. Kxg4 Ra3 37. Nf3 Ra1 38. Rxb2 Rxb2 39. Be3 Rb3 40. Bd2 Rd1
41. Ba5 Rxf3 42. Kxf3 Rxd4 43. g6 Ra4 44. Bb6 Ra8 45. Kg4 Kc6 46. Be3 Ra3 47.
Bd2 Ra2 48. Be3 Rg2+ 49. Kf3 Rxg6 50. f5 exf5 51. Kf4 d4 0-1

[Event "First Saturday 2012 marcius IM"]
[Site "Budapest"]
[Date "2012.03.11"]
[Round "9"]
[White "Kantor, Gergely"]
[Black "Holm, Seyer"]
[Result "1-0"]
[WhiteElo "2202"]
[BlackElo "2256"]
[PlyCount "103"]
[EventDate "2012.03.03"]

1. d4 d5 2. c4 e6 3. Nc3 Nf6 4. cxd5 exd5 5. Bg5 Be7 6. e3 h6 7. Bh4 O-O 8. Bd3
c5 9. Nge2 c4 10. Bc2 Nc6 11. O-O Be6 12. f3 b5 13. Nf4 a6 14. Qd2 Qd7 15. Rad1
Rad8 16. Nxe6 fxe6 17. Bb1 Qe8 18. Ne2 Bd6 19. g4 g5 20. Bg3 Qe7 21. Kg2 Rf7
22. Qc2 Rg7 23. Rde1 Bb4 24. Nc3 h5 25. h3 Bd6 26. Bf2 Bc7 27. Ne2 h4 28. Bg1
e5 29. Bh2 Rf8 30. dxe5 Bxe5 31. f4 gxf4 32. exf4 Bc7 33. Ng1 Qd8 34. g5 Ne4
35. Kh1 Qd7 36. Qg2 Nd4 37. Rd1 Bb6 38. Ne2 Nxe2 39. Bxe4 Nd4 40. Bxd5+ Kh8 41.
Bg1 Qa7 42. Qf2 Rd8 43. Be4 Qe7 44. Qxh4+ Kg8 45. Rfe1 Qf8 46. Bxd4 Bxd4 47. f5
Bxb2 48. f6 Rc7 49. Bd5+ Rxd5 50. Rxd5 Rh7 51. Qe4 Bxf6 52. Qg6+ 1-0

[Event "First Saturday 2012 marcius IM"]
[Site "Budapest"]
[Date "2012.03.12"]
[Round "10"]
[White "Holm, Seyer"]
[Black "Szalanczy, Emil"]
[Result "1-0"]
[WhiteElo "2256"]
[BlackElo "2249"]
[PlyCount "133"]
[EventDate "2012.03.03"]

1. d4 c5 2. d5 e6 3. Nc3 d6 4. e4 Nf6 5. Nf3 Be7 6. Bb5+ Bd7 7. dxe6 fxe6 8. e5
dxe5 9. Nxe5 Qc7 10. Nxd7 Nbxd7 11. Qe2 O-O-O 12. Qxe6 Bd6 13. Qh3 Kb8 14. Be2
a6 15. O-O Ne5 16. Bg5 Ng6 17. g3 Be5 18. Rad1 Rxd1 19. Rxd1 Bxc3 20. bxc3 Ne4
21. Be3 Nxc3 22. Rd2 Nxe2+ 23. Rxe2 Qc6 24. Rd2 Qe4 25. Qd7 Ne5 26. Bf4 Ka7 27.
Bxe5 Qxe5 28. c4 Qe1+ 29. Kg2 Qe4+ 30. f3 Qxc4 31. Rb2 Rb8 32. Qxg7 Qd3 33. Qc7
c4 34. g4 c3 35. Rb3 Qe2+ 36. Kg3 c2 37. Rc3 Qe1+ 38. Kg2 Qe2+ 39. Kg3 Qe1+ 40.
Kg2 Qe2+ 41. Kg3 h5 42. Rxc2 h4+ 43. Kxh4 Qxf3 44. Qe5 Rg8 45. Qd4+ Ka8 46. h3
Qf1 47. Kg3 Rf8 48. Kh2 Qf3 49. g5 Qf5 50. Rg2 Qg6 51. h4 Rf3 52. Rf2 Rxf2+ 53.
Qxf2 Qd6+ 54. Kh3 Qe6+ 55. Kg3 Qe5+ 56. Kg4 Qe4+ 57. Qf4 Qe2+ 58. Kf5 Qxa2 59.
g6 a5 60. h5 Qd5+ 61. Kg4 Qg2+ 62. Kf5 Qd5+ 63. Qe5 Qf3+ 64. Kg5 Qg2+ 65. Kh6
b6 66. g7 Kb7 67. Kh7 1-0

[Event "First Saturday 2012 marcius IM"]
[Site "Budapest"]
[Date "2012.03.12"]
[Round "10"]
[White "Gledura, Benjamin"]
[Black "Kantor, Gergely"]
[Result "1-0"]
[WhiteElo "2283"]
[BlackElo "2202"]
[PlyCount "60"]
[EventDate "2012.03.03"]

1. e4 e6 2. d4 d5 3. Nc3 Bb4 4. a3 Bxc3+ 5. bxc3 dxe4 6. Qg4 Nf6 7. Qxg7 Rg8 8.
Qh6 Nbd7 9. a4 Nb6 10. Qd2 Nbd5 11. g3 b6 12. c4 Ne7 13. Bb2 Nf5 14. O-O-O Bb7
15. d5 e3 16. fxe3 Ne4 17. Qe1 Qg5 18. Nh3 Qh6 19. Nf4 O-O-O 20. Bd3 exd5 21.
cxd5 Rge8 22. g4 Nfd6 23. Bd4 Qg5 24. Qe2 Qe7 25. Kb2 c5 26. dxc6 Bxc6 27. Ra1
Nc5 28. Rhb1 Nxa4+ 29. Kc1 Qg5 30. Rb4 {after 8 move} 30... Kb7 1-0

[Event "First Saturday 2012 marcius IM"]
[Site "Budapest"]
[Date "2012.03.12"]
[Round "10"]
[White "Lyell, Mark"]
[Black "Farago, Sandor"]
[Result "0-1"]
[WhiteElo "2316"]
[BlackElo "2296"]
[PlyCount "80"]
[EventDate "2012.03.03"]

1. e4 c5 2. Nc3 e6 3. d3 Nc6 4. f4 d6 5. Nf3 Nge7 6. Be2 g6 7. O-O Bg7 8. Qe1
b6 9. Qf2 d5 10. Kh1 d4 11. Nd1 Bb7 12. Bd2 Qd7 13. Qg3 f5 14. Nf2 O-O-O 15. a4
a5 16. Rae1 Rdf8 17. Bd1 h6 18. c3 Kb8 19. Bb3 Ka7 20. Ne5 Nxe5 21. fxe5 g5 22.
cxd4 cxd4 23. Bc4 f4 24. Qg4 Bc8 25. b4 Nc6 26. Bb5 Nxe5 27. Qd1 Qd8 28. Qb3
Rf7 29. Rc1 g4 30. bxa5 bxa5 31. Rc5 g3 32. Nh3 f3 33. Bf4 fxg2+ 34. Kxg2 gxh2
35. Rfc1 Bb7 36. Kh1 Qh4 37. Bc6 Qxh3 38. Rxa5+ Kb8 39. Bxe5+ Bxe5 40. Rxe5 Rg8
0-1

[Event "First Saturday 2012 marcius IM"]
[Site "Budapest"]
[Date "2012.03.12"]
[Round "10"]
[White "Galyas, Miklos"]
[Black "Volodin, Viktor"]
[Result "0-1"]
[WhiteElo "2445"]
[BlackElo "2208"]
[PlyCount "142"]
[EventDate "2012.03.03"]

1. d4 d5 2. c4 e6 3. Nc3 Be7 4. cxd5 exd5 5. Bf4 c6 6. e3 Bf5 7. g4 Be6 8. h4
Nd7 9. g5 Nb6 10. Bd3 Bd6 11. Nge2 Bg4 12. Qc2 Ne7 13. Rg1 Bh5 14. Bxd6 Qxd6
15. Nf4 Bg6 16. O-O-O Bxd3 17. Nxd3 Nd7 18. Kb1 Nf5 19. h5 Qe7 20. Nf4 Nd6 21.
Nfxd5 cxd5 22. Nxd5 Qe4 23. Nc7+ Ke7 24. Qxe4+ Nxe4 25. Nxa8 Rxa8 26. f3 Nd6
27. e4 a5 28. Rge1 a4 29. f4 a3 30. b3 Nb5 31. Rc1 Nxd4 32. Rc7 Ne6 33. Rxb7
Nxf4 34. Rd1 Rd8 35. Ra7 Nxh5 36. Rxa3 f6 37. Ra5 fxg5 38. Rxg5 g6 39. a4 Nhf6
40. Re1 Ke6 41. Ra5 h5 42. e5 Nd5 43. Ra6+ N7b6 44. Rg1 Kf5 45. e6 Nc8 46. Rf1+
Ke5 47. Re1+ Kf5 48. Ra8 Nde7 49. a5 Rd5 50. Kb2 h4 51. a6 h3 52. b4 Rd6 53.
Ra1 Rxe6 54. a7 Nb6 55. Rf8+ Kg5 56. Rg1+ Kh6 57. Rh1 Re2+ 58. Kb1 Kg7 59. a8=Q
Nxa8 60. Rxa8 Re3 61. Ra2 g5 62. b5 Nd5 63. Rb2 Nb6 64. Rg1 Kh6 65. Rc1 Re6 66.
Rc6 Rxc6 67. bxc6 Nd5 68. Rd2 Ne7 69. Kc1 g4 70. Kd1 g3 71. Ke2 h2 0-1

[Event "First Saturday 2012 marcius IM"]
[Site "Budapest"]
[Date "2012.03.12"]
[Round "10"]
[White "Szeberenyi, Adam"]
[Black "Wiander, Michael"]
[Result "1/2-1/2"]
[WhiteElo "2305"]
[BlackElo "2140"]
[PlyCount "38"]
[EventDate "2012.03.03"]

1. d4 d5 2. c4 e5 3. dxe5 d4 4. Nf3 Nc6 5. g3 Nge7 6. Bg2 Ng6 7. Bg5 Qd7 8. e6
fxe6 9. O-O h6 10. Bc1 e5 11. e3 Be7 12. exd4 exd4 13. Nbd2 O-O 14. b3 Nb4 15.
a3 Nd3 16. Qc2 Nxc1 17. Qxg6 Ne2+ 18. Kh1 Qf5 19. Qxf5 Bxf5 1/2-1/2

[Event "First Saturday 2012 marcius IM"]
[Site "Budapest"]
[Date "2012.03.13"]
[Round "11"]
[White "Volodin, Viktor"]
[Black "Szeberenyi, Adam"]
[Result "0-1"]
[WhiteElo "2208"]
[BlackElo "2305"]
[PlyCount "74"]
[EventDate "2012.03.03"]

1. Nf3 c5 2. c4 Nc6 3. d4 cxd4 4. Nxd4 Nf6 5. Nc3 e6 6. g3 Qb6 7. Nb3 Ne5 8.
Nd2 Be7 9. Bg2 O-O 10. O-O d6 11. Qc2 Bd7 12. Nf3 Ng6 13. Be3 Qc7 14. b3 Rac8
15. Ne4 Ng4 16. Bd4 e5 17. Bc3 f5 18. Ned2 Bc6 19. h3 Nh6 20. Bb4 b6 21. e4
fxe4 22. Nxe4 Qb7 23. Nfd2 Nf5 24. Rfe1 Rcd8 25. Rac1 Nd4 26. Qb1 d5 27. Bxe7
Nxe7 28. Ng5 Rf5 29. cxd5 Bxd5 30. Nge4 Nec6 31. b4 Qf7 32. a3 Rf8 33. Nd6 Rxf2
34. Nxf7 Rxg2+ 35. Kh1 Rxd2+ 36. Re4 Rxf7 37. Rce1 Rff2 0-1

[Event "First Saturday 2012 marcius IM"]
[Site "Budapest"]
[Date "2012.03.13"]
[Round "11"]
[White "Kantor, Gergely"]
[Black "Lyell, Mark"]
[Result "1/2-1/2"]
[WhiteElo "2202"]
[BlackElo "2316"]
[PlyCount "74"]
[EventDate "2012.03.03"]

1. d4 d5 2. c4 dxc4 3. e3 e6 4. Bxc4 Nf6 5. Nf3 a6 6. Qe2 c5 7. dxc5 Bxc5 8. e4
b5 9. Bb3 Nc6 10. O-O Nd4 11. Nxd4 Qxd4 12. Be3 Qe5 13. Nc3 Bxe3 14. Qxe3 O-O
15. f3 Bb7 16. Rfd1 Rac8 17. Qb6 Qc5+ 18. Qxc5 Rxc5 19. Rd6 Rfc8 20. Rb6 R5c7
21. Rd1 Kf8 22. Rbd6 Ke7 23. R6d4 Nd7 24. a3 Nc5 25. Ba2 Bc6 26. Kf2 Na4 27.
Nxa4 bxa4 28. b3 axb3 29. Bxb3 Rb8 30. Ba4 Rb2+ 31. Kg3 Bb5 32. Bxb5 axb5 33.
R1d2 Rxd2 34. Rxd2 Rc3 35. Rb2 Rc5 36. Rb4 Kf6 37. a4 bxa4 1/2-1/2

[Event "First Saturday 2012 marcius IM"]
[Site "Budapest"]
[Date "2012.03.13"]
[Round "11"]
[White "Szalanczy, Emil"]
[Black "Gledura, Benjamin"]
[Result "0-1"]
[WhiteElo "2249"]
[BlackElo "2283"]
[PlyCount "108"]
[EventDate "2012.03.03"]

1. c4 e5 2. Nc3 Bb4 3. g3 Bxc3 4. bxc3 d6 5. Bg2 Ne7 6. Nf3 O-O 7. O-O Nbc6 8.
a4 Be6 9. d3 h6 10. a5 a6 11. e4 Qd7 12. Be3 f5 13. exf5 Nxf5 14. Qe2 Nxe3 15.
Qxe3 Bh3 16. c5 Bxg2 17. Kxg2 dxc5 18. Rfe1 Rae8 19. Qe4 Rd8 20. Re3 Qd5 21.
Ra4 Qxe4 22. Raxe4 Rf5 23. h4 b6 24. h5 Rdf8 25. g4 Rf4 26. Kg3 Rxe4 27. Rxe4
Rd8 28. Re3 b5 29. Nxe5 Nxe5 30. Rxe5 Rxd3+ 31. Kf4 Rxc3 32. Re6 b4 33. Rxa6 b3
34. Ra8+ Kh7 35. Rb8 c4 36. Ke4 Rc2 37. Kd4 Rxf2 38. Kxc4 Ra2 39. Kxb3 Rxa5 40.
Rb4 Kg8 41. Rc4 c5 42. Rf4 Rb5+ 43. Kc3 Rb4 44. Rf5 Rxg4 45. Rxc5 Rg5 46. Rxg5
hxg5 47. Kd3 Kh7 48. Ke4 Kh6 49. Kf3 Kxh5 50. Kg3 g4 51. Kg2 Kh4 52. Kh2 g3+
53. Kg2 Kg4 54. Kg1 Kf3 0-1

[Event "First Saturday 2012 marcius IM"]
[Site "Budapest"]
[Date "2012.03.13"]
[Round "11"]
[White "Lengyel, Bela"]
[Black "Holm, Seyer"]
[Result "1/2-1/2"]
[WhiteElo "2257"]
[BlackElo "2256"]
[PlyCount "28"]
[EventDate "2012.03.03"]

1. e4 e6 2. d4 d5 3. Nc3 dxe4 4. Nxe4 Nd7 5. Nf3 Ngf6 6. Nxf6+ Nxf6 7. Bd3 c5
8. dxc5 Bxc5 9. Qe2 O-O 10. Bd2 b6 11. O-O-O Bb7 12. Ne5 Qe7 13. Rhg1 Rfd8 14.
g4 Rac8 1/2-1/2